[Event "35th Cannes FIJ Open 2022"]
[Site "Cannes"]
[Date "2022.02.21"]
[Round "1.1"]
[White "Nihal Sarin"]
[Black "Crevatin, Leo"]
[Result "1-0"]
[WhiteElo "2656"]
[BlackElo "2267"]
[Annotator "TA"]
[PlyCount "69"]
[EventDate "2022.02.21"]
[EventType "swiss"]
[EventCountry "FRA"]
[SourceTitle "playchess.com"]
[Source "ChessBase"]
[SourceQuality "1"]

{[%evp 17,69,0,12,0,0,13,15,-33,0,0,0,0,0,0,0,4,29,15,75,71,76,75,162,144,285,293,297,308,349,191,210,164,167,167,170,144,133,162,244,224,244,238,527,475,1535,1118,2062,1095,29985,29986,29986,29987,29987,29988]} 1. d4 d5 2. c4 c6 3. Nf3 Nf6 4. Nc3 e6 5. Bg5 {[%cal Bc1g5,Bg5h4,Bh4g3][%mdl 32]} h6 6. Bh4 dxc4 7. e4 g5 8. Bg3 b5 9. Be2 Bb7 10. Qc2 {[%mdl 1024] White has compensation. D43: Semi-Slav: 5 Bg5 h6.} Nbd7 {10...Nh5 might become the main line.} 11. Rd1 Qb6 12. O-O {is the legacy move (12.Ne5).} (12. Ne5 $11) 12... Be7 13. b3 cxb3 14. axb3 a6 15. Ne5 {[%cal Oe5f7]} h5 $1 {[#]} 16. h3 $146 {[%cal Od4d5]} ({Predecessor:} 16. Nxd7 Nxd7 17. h3 Rd8 18. e5 c5 19. d5 exd5 20. Nxd5 Bxd5 21. Rxd5 h4 22. Bh2 {1-0 (52) Bars,J (2377)-Mulligan,B (2396) GER email 2018}) 16... h4 17. Bh2 Rg8 (17... Rd8 $11 {remains equal.}) 18. Nxd7 {White is more active.} (18. Nxf7 {is more complex.} Kxf7 19. e5 c5 20. exf6 Nxf6 21. d5) 18... Nxd7 19. e5 $1 O-O-O (19... Rg7 $16) 20. d5 $18 c5 {[#]} (20... exd5 $2 21. Nxd5 Qc5 22. Qf5 cxd5 23. Rc1 $18) (20... Ba3 $16) 21. Qh7 $1 exd5 22. Qxf7 d4 {[%cal Ob6g6]} 23. e6 (23. Qxe7 $142 Rde8 24. Qh7) 23... Bd6 24. exd7+ Kb8 25. Bxd6+ Qxd6 26. Bf3 {Strongly threatening Bxb7.} Rgf8 27. Qh5 {aiming for Bxb7.} Bxf3 (27... Rh8 $142 28. Qg4 (28. Qxg5 $2 Bxf3 29. Rfe1 Bxd1 $19) 28... Qxd7) 28. gxf3 {And now Ne4 would win. Dancing on a razor blade.} Qxd7 {[#]} 29. Ne4 $1 Qd5 $2 (29... Qxh3 $2 30. Qh6 (30. Nxc5 Qxf3 31. Qxf3 Rxf3 $16) 30... Qc8 31. Ra1 $18 (31. Qxg5 $2 Rg8 $19) (31. Nxg5 Rd5 $16)) (29... Rc8 30. Rc1 (30. Qxg5 $2 Rg8 $19) (30. Nxg5 Rf4 $18) 30... c4 31. bxc4 (31. Nxg5 c3 $11) (31. Qxg5 $2 Rg8 $19) 31... bxc4) 30. Qg6 {Ra1 is the strong threat.} Rxf3 (30... Rc8 $142 31. Qxa6 Qc6) 31. Qb6+ Kc8 {[#]} 32. Rc1 $1 Qxe4 (32... Rc3 33. Nxc3) 33. Qxc5+ {White mates.} Kd7 34. Qc7+ Ke8 35. Rce1 {Weighted Error Value: White=0.12 (very precise) /Black=0.51} 1-0

[Event "35th Cannes FIJ Open 2022"]
[Site "Cannes"]
[Date "2022.02.21"]
[Round "1.2"]
[White "Loeffler, Markus"]
[Black "Basso, Pier Luigi"]
[Result "1/2-1/2"]
[WhiteElo "2266"]
[BlackElo "2600"]
[Annotator "TA"]
[PlyCount "81"]
[EventDate "2022.02.21"]
[EventType "swiss"]
[EventCountry "FRA"]
[SourceTitle "playchess.com"]
[Source "ChessBase"]
[SourceQuality "1"]

{[%evp 12,81,54,0,0,0,0,0,0,0,20,20,21,8,14,-11,0,0,0,0,26,-12,59,-56,113,107,104,107,96,98,105,105,105,105,106,64,64,-41,85,93,97,89,101,102,102,97,93,64,64,64,64,64,64,64,80,64,64,64,64,64,80,64,64,64,64,64,64,64,64,0,64,0]} 1. e4 e5 2. Nf3 Nc6 3. Bb5 {[%cal Bf1b5,Bb5a4,Ba4b3][%mdl 32]} a6 4. Ba4 Nf6 5. O-O Nxe4 6. d4 Be7 7. Qe2 (7. Re1 $14 f5 8. Nxe5 (8. Bxc6 dxc6 9. Nxe5 O-O $14) 8... Nxe5 9. dxe5) 7... b5 $1 {[%mdl 4] is more profitable than 7...f5 at the moment. C84: Closed Ruy Lopez: Unusual White 6th moves.} 8. Bb3 d5 9. dxe5 Na5 {The position is equal.} 10. Rd1 Bb7 11. Nbd2 Nxb3 12. axb3 {Threatens to win with Nxe4.} Qc8 13. c4 {[#]} (13. c3 $5 {[%cal Rb3b4]}) 13... Nxd2 $146 ({Predecessor:} 13... O-O 14. cxd5 Nxd2 15. Rxd2 Rd8 16. e6 fxe6 17. dxe6 Bd5 18. Nd4 Bf6 19. b4 c5 20. bxc5 Qxc5 {½-½ (25) Zarubitski,V (2416)-Azarov,S (2603) Cheliabinsk 2021}) 14. Bxd2 dxc4 15. bxc4 b4 16. Ra5 {[%cal Oe5e6]} (16. c5 $5) 16... c5 (16... O-O $11) 17. e6 (17. Bg5 $1 $14) 17... fxe6 $2 {[#]} (17... O-O $15 {stays ahead.}) 18. Bg5 $1 $16 Bxf3 19. Qxf3 {Bxe7 is the strong threat.} Ra7 20. Bxe7 {White is much more active. Black has bad knights.} Rxe7 21. Rd6 Rf7 22. Qe3 O-O {[#]} 23. Rxc5 ({White should try} 23. f3 $1 $16) 23... Qb8 $1 $14 24. Rcc6 (24. Rxe6 Rxf2 25. g3 (25. Qxf2 $2 Rxf2 26. Kxf2 Qf8+ 27. Ke2 Qxc5 $19) 25... Qb7 $17) (24. Qxe6 Kh8 25. Rd1 Rxf2 $15) (24. Rxa6 $2 Rxf2 25. g3 (25. Qxe6+ $2 Kh8 $19) (25. Qxf2 $2 Rxf2 26. Kxf2 Qf8+ 27. Ke2 Qxc5 $19) 25... Qb7 $19) ({Better is} 24. Rd2 $1 $14) 24... a5 (24... Rxf2 $15 25. Qxf2 (25. Qxe6+ Kh8 $17) 25... Rxf2 26. Kxf2 Qf8+ 27. Ke3 h6) 25. f3 $16 (25. Qxe6 $6 Re8 26. Rb6 Qa8 $11) 25... a4 {[%cal Oa4a3]} 26. Rb6 (26. Rxe6 Rd7 27. Re7 Rxe7 28. Qxe7 a3 29. bxa3 (29. Rc7 $2 Qxc7 30. Qxc7 axb2 $19) 29... bxa3 $11) (26. Qxe6 a3 27. bxa3 bxa3 $11) 26... Qa7 27. c5 ({But not} 27. Qxe6 a3 28. bxa3 bxa3 $14) 27... a3 28. bxa3 ({Don't blunder} 28. Qxe6 $2 a2 29. Ra6 a1=Q+ $19) 28... Qxa3 29. Qxa3 (29. Rd3 {seems wilder.} Qa1+ 30. Kf2 Qa2+ 31. Kg3 Qc4 32. Rxe6 Rf5 33. c6) 29... bxa3 {[%mdl 4096] Endgame KRR-KRR} 30. Ra6 {To avoid Ra8} Rc7 31. Rxa3 Rxc5 32. Rxe6 Rfc8 33. Re2 Rc2 34. Rxc2 Rxc2 $14 {KR-KR} 35. h4 Kf7 36. Kh2 h5 37. Ra6 g6 38. Kg3 Rb2 39. Ra5 Kf6 40. Ra6+ Kf7 $1 41. Ra5 {Weighted Error Value: White=0.17 (very precise) /Black=0.20 (precise)} (41. Ra7+ $14 Ke6 42. Ra5) 1/2-1/2

[Event "35th Cannes FIJ Open 2022"]
[Site "Cannes"]
[Date "2022.02.21"]
[Round "1.3"]
[White "Meshkovs, Nikita"]
[Black "Lever, Erwan"]
[Result "1-0"]
[WhiteElo "2559"]
[BlackElo "2255"]
[Annotator "TA"]
[PlyCount "79"]
[EventDate "2022.02.21"]
[EventType "swiss"]
[EventCountry "FRA"]
[SourceTitle "playchess.com"]
[Source "ChessBase"]
[SourceQuality "1"]

{[%evp 22,79,22,21,40,36,67,52,54,42,47,57,95,79,89,97,117,112,118,110,103,56,56,50,52,56,56,47,58,57,56,49,56,47,86,85,99,87,101,106,100,91,111,115,104,115,114,89,135,136,150,142,147,135,142,142,152,152,461,461]} 1. d4 Nf6 2. c4 e6 3. Nc3 Bb4 4. e3 O-O 5. Bd3 c5 6. Nf3 cxd4 7. exd4 d5 8. O-O dxc4 9. Bxc4 b6 10. Qe2 Bb7 11. Rd1 Nbd7 12. d5 exd5 {The modern move. E55: Nimzo-Indian: Rubinstein: Main Line: 7...dxc4 8 Bxc4 Nbd7.} 13. Nxd5 Nxd5 14. Bxd5 Bxd5 {White is slightly better.} 15. Rxd5 {Strongly threatening Qb5.} Qc7 16. Bg5 {Threatens to win with Qb5.} Qc6 17. Rad1 Nf6 {[#]} 18. Ne5 $1 Qxd5 (18... Qe6 19. Bxf6) 19. Rxd5 Nxd5 20. Qe4 Be7 {[#]} 21. Nxf7 {[%mdl 512] [#]} Rxf7 $146 ({Predecessor:} 21... Nf6 22. Bxf6 Bxf6 23. Qd5 h6 24. Nd8+ Kh8 25. Qxa8 Rxd8 26. Qf3 Rd2 27. g3 Rxb2 {½-½ (42) Dueball,J (2445)-Schlemermeyer,W Germany 1981}) 22. Bxe7 {[%mdl 64] Pin} ({Avoid the trap} 22. Qxd5 $2 Rd8 23. Qb3 Bxg5 $19) 22... Rc8 {( -> ...Rc1+)} 23. Bg5 {Prevents Rc1+.} Nf6 24. Qd3 ({Don't go for} 24. Qe6 $2 Re8 25. Qxe8+ Nxe8 $19) 24... h6 25. Bf4 Rd7 26. Qb3+ Kh8 27. h3 Rf8 28. Be5 Rff7 29. Qc2 {Inhibits Ne4. And now Bxf6 would win.} Nd5 30. Qc6 Kh7 31. Kh2 Kg8 32. a3 {Inhibits Nb4.} Rd8 33. Qe6 Rdd7 34. h4 {[%cal Bh3h4,Bh4h5][%mdl 32]} Kh7 (34... h5 $142) 35. h5 $16 Kg8 36. Kh3 Nc7 37. Qc6 Rde7 {[#]} 38. f4 {White is more active.} Ne6 39. g3 Kh7 $2 {[#]} (39... Nd8 $16 {is more resistant.} 40. Qc8 Rd7) 40. Bd6 $1 {Weighted Error Value: White=0.05 (flawless) /Black=0.22 (precise)} 1-0

[Event "35th Cannes FIJ Open 2022"]
[Site "Cannes"]
[Date "2022.02.21"]
[Round "1.4"]
[White "Lazo, Andrei"]
[Black "Valsecchi, Alessio"]
[Result "0-1"]
[WhiteElo "2254"]
[BlackElo "2524"]
[Annotator "ChessBase"]
[PlyCount "126"]
[EventDate "2022.02.21"]
[EventType "swiss"]
[EventCountry "FRA"]
[SourceTitle "playchess.com"]
[Source "ChessBase"]
[SourceQuality "1"]
[TimeControl "40/5400+30:1800+30"]

1. d4 {[%emt 0:16:37]} Nf6 {[%emt 0:00:34]} 2. c4 {[%emt 0:00:06]} e6 {[%emt 0:02:00]} 3. Nf3 {[%emt 0:00:07]} c5 {[%emt 0:00:30]} 4. d5 {[%emt 0:00:06]} exd5 {[%emt 0:00:12]} 5. cxd5 {[%emt 0:00:04]} d6 {[%emt 0:00:10]} 6. Nc3 {[%emt 0:00:09]} g6 {[%emt 0:00:09]} 7. g3 {[%emt 0:00:04]} Bg7 {[%emt 0:01:20]} 8. Bg2 {[%emt 0:00:05]} O-O {[%emt 0:00:13]} 9. O-O {[%emt 0:00:05]} a6 {[%emt 0:00:32]} 10. a4 {[%emt 0:00:04]} Re8 {[%emt 0:00:20]} 11. Nd2 {[%emt 0:00:11]} Nbd7 {[%emt 0:00:14]} 12. h3 {[%emt 0:00:09]} Rb8 {[%emt 0:00:30]} 13. Nc4 {[%emt 0:00:08]} Ne5 {[%emt 0:00:44]} 14. Na3 {[%emt 0:00:07]} Nh5 {[%emt 0:04:42]} 15. e4 {[%emt 0:00:06]} Bd7 {[%emt 0:05:57]} 16. a5 {[%emt 0:00:07]} Qxa5 {[%emt 0:05:29]} 17. g4 {[%emt 0:00:00]} Nf6 {[%emt 0:00:48]} 18. f4 Nexg4 19. hxg4 {[%emt 0:01:22]} Nxg4 {[%emt 0:10:03]} 20. f5 {[%emt 0:00:07]} h5 {[%emt 0:03:15]} 21. Qf3 {[%emt 0:17:46]} Qd8 {[%emt 0:16:32]} 22. Nc2 {[%emt 0:09:56]} Qe7 {[%emt 0:14:09]} 23. Qg3 {[%emt 0:03:39]} Be5 {[%emt 0:01:33]} 24. Bf4 {[%emt 0:00:29]} g5 {[%emt 0:06:31]} 25. Bxe5 {[%emt 0:00:36]} Qxe5 {[%emt 0:00:19]} 26. Qxe5 {[%emt 0:02:05]} Nxe5 {[%emt 0:00:58]} 27. Ne3 {[%emt 0:02:24]} f6 {[%emt 0:03:58]} 28. Bf3 {[%emt 0:01:29]} h4 {[%emt 0:08:06]} 29. Be2 {[%emt 0:01:13]} Kg7 {[%emt 0:02:58]} 30. b3 {[%emt 0:02:03]} Nf7 {[%emt 0:01:29]} 31. Bh5 {[%emt 0:09:50]} Bb5 {[%emt 0:01:43]} 32. Bxf7 {[%emt 0:01:45]} Kxf7 {[%emt 0:00:06]} 33. Nc4 {[%emt 0:00:08]} Ke7 {[%emt 0:02:03]} 34. Rfe1 {[%emt 0:18:25]} Bd7 {[%emt 0:02:25]} 35. Nb6 {[%emt 0:03:27]} Kd8 {[%emt 0:00:44]} 36. Kf2 {[%emt 0:00:42]} Rh8 {[%emt 0:01:50]} 37. Nxd7 {[%emt 0:00:43]} Kxd7 {[%emt 0:00:02]} 38. Rh1 {[%emt 0:02:12]} Rbg8 {[%emt 0:01:52]} 39. Ke3 {[%emt 0:02:03]} Rh7 {[%emt 0:01:00]} 40. Rag1 {[%emt 0:01:35]} Re8 {[%emt 0:00:35]} 41. Kf3 {[%emt 0:32:07]} Kc7 {[%emt 0:32:21]} 42. Ra1 {[%emt 0:01:53]} g4+ {[%emt 0:00:00]} 43. Kxg4 {[%emt 0:00:00]} Rg8+ {[%emt 0:00:00]} 44. Kf4 {[%emt 0:00:00]} h3 {[%emt 0:00:00]} 45. Rh2 {[%emt 0:00:00]} Rg2 {[%emt 0:00:00]} 46. Rah1 {[%emt 0:00:00]} Rxh2 {[%emt 0:00:00]} 47. Rxh2 {[%emt 0:00:00]} b5 {[%emt 0:00:00]} 48. Kg3 {[%emt 0:00:00]} Re7 {[%emt 0:00:00]} 49. Re2 {[%emt 0:00:00]} Kb6 {[%emt 0:00:00]} 50. Kxh3 {[%emt 0:00:00]} c4 {[%emt 0:00:20]} 51. bxc4 {[%emt 0:00:00]} bxc4 {[%emt 0:00:52]} 52. Kg4 {[%emt 0:00:00]} Kc5 {[%emt 0:00:28]} 53. Kf4 {[%emt 0:00:00]} Rh7 {[%emt 0:00:48]} 54. Ra2 {[%emt 0:01:08]} Kb4 {[%emt 0:02:40]} 55. Rxa6 {[%emt 0:03:48]} Kxc3 {[%emt 0:00:08]} 56. Rxd6 {[%emt 0:00:05]} Rh4+ {[%emt 0:00:16]} 57. Kf3 {[%emt 0:00:37]} Kd3 {[%emt 0:01:20]} 58. Re6 {[%emt 0:03:28]} c3 {[%emt 0:00:09]} 59. d6 {[%emt 0:00:13]} c2 {[%emt 0:00:49]} 60. d7 {[%emt 0:00:36]} Rf4+ {[%emt 0:00:46]} 61. Kg3 {[%emt 0:03:48]} c1=Q {[%emt 0:00:11]} 62. d8=Q+ {[%emt 0:00:05]} Ke2 {[%emt 0:00:08]} 63. Qd4 {[%emt 0:01:19]} Rf3+ {[%emt 0:00:22]} 0-1

[Event "35th Cannes FIJ Open 2022"]
[Site "Cannes"]
[Date "2022.02.21"]
[Round "1.5"]
[White "Krzyzanowski, Marcin"]
[Black "Pasini, Nicolo"]
[Result "1-0"]
[WhiteElo "2523"]
[BlackElo "2252"]
[Annotator "TA"]
[PlyCount "101"]
[EventDate "2022.02.21"]
[EventType "swiss"]
[EventCountry "FRA"]
[SourceTitle "playchess.com"]
[Source "ChessBase"]
[SourceQuality "1"]

{[%evp 21,101,48,52,24,32,31,42,40,35,35,30,36,53,29,31,14,36,27,35,18,35,44,107,55,49,54,131,132,139,141,143,143,145,113,118,102,153,106,111,116,233,231,538,133,129,126,145,75,75,74,70,66,128,66,66,66,150,145,149,102,149,97,209,240,237,244,225,230,347,347,362,331,331,251,580,562,453,474,2134,1618,1826,799]} 1. Nf3 g6 2. e4 c5 3. d4 cxd4 4. Nxd4 Nc6 5. c4 Nf6 6. Nc3 d6 7. f3 Nxd4 8. Qxd4 Bg7 9. Be3 O-O 10. Qd2 Be6 11. Rc1 Qa5 12. Bd3 {B36: Sicilian: Maroczy Bind: Gurgenidze System.} Rfc8 13. b3 Rab8 14. Ne2 {White is slightly better.} Qxd2+ 15. Kxd2 {[#]} Nd7 $146 {[%cal Bf6d7,Bd7e5,Be5c6][%mdl 32]} ({Predecessor:} 15... a6 16. Rhd1 Nd7 17. Nf4 Nc5 18. Nd5 Bxd5 19. cxd5 b5 20. Bf1 Nd7 21. Rc6 Rxc6 22. dxc6 {0-1 (54) Zubizarreta Landera,A (1862)-Movsisyan,T (1691) Salobrena 2020}) 16. Nf4 Ne5 17. Be2 (17. Bxa7 Ra8 18. Be3 (18. Nxe6 fxe6 19. Be3 Rxa2+ 20. Rc2 Ra3 $17) 18... Rxa2+ 19. Rc2 Rca8 $15) 17... Bd7 18. h4 {[%cal Bh2h4,Bh4h5][%mdl 32]} Nc6 19. h5 Bb2 20. Rcd1 Nb4 21. a4 (21. Bxa7 Ra8 22. a3 Bxa3 $15) 21... e5 (21... a6 $14) 22. Nd3 (22. Nd5 $1 $16 {[%cal Rd5b4]} Nxd5 23. exd5) 22... Nxd3 $14 23. Kxd3 a5 (23... b6 $14) 24. hxg6 $16 hxg6 25. Rh6 Kg7 {[%cal Od6d5]} 26. Rdh1 Kf6 {Inhibits Bg5+.} 27. Bf2 {Black must now prevent Bh4+.} Bc6 28. Rh7 {And now Bh4+ would win.} Rf8 (28... Rg8 $142) 29. Bh4+ (29. Kc2 $142 Bd4 30. Bxd4 exd4 31. Kd3) 29... Ke6 30. Bg5 b6 (30... f6 $16 {was worth a try.} 31. Be3 Ba3) 31. R1h6 $18 Rg8 $2 (31... Rb7 {is more resistant.} 32. g3 f6) 32. g3 $2 (32. f4 $18 {and the rest is easy. Bg4+ would kill now.} exf4 33. Bg4+ Ke5 34. Rxf7 Bxe4+ 35. Kd2) 32... Be8 $16 33. Bf1 {[%cal Be2f1,Bf1h3,Bh3g4][%mdl 32] White threatens Bh3+ and mate. The board is on fire.} Kd7 34. Rh8 (34. c5 $142 $1) 34... Rxh8 35. Rxh8 Bd4 36. Bh3+ Kc6 (36... Kc7 $14) 37. Rf8 (37. f4 $1 $16) 37... Bf2 38. Bh4 $36 {[%mdl 2048] White is pushing.} g5 (38... Ra8 $14) 39. Bxg5 {Hoping for Bh4.} Bxg3 40. Bg4 {White is more active.} (40. Ke2 $142 $1) 40... Kc7 {[#]} ({Black should try} 40... Be1 41. Rg8 Bb4) 41. Bh5 (41. Ke2 $142 $1) 41... f6 42. Bxe8 $18 fxg5 {[%mdl 4096] Endgame KRB-KRB} 43. Rf7+ Kd8 {[#]} 44. Bb5 Bf2 (44... Rc8 {was necessary.} 45. Rd7+ Ke8 46. Rh7+ (46. Rxd6+ Ke7 $18) 46... Kd8 47. Rd7+ Ke8 48. Rh7+ (48. Rxd6+ Ke7 $18) 48... Kd8 49. Rd7+) 45. Rd7+ Kc8 46. Rg7 (46. Rxd6 Rb7 47. Ba6 Kc7 $16) 46... Kd8 47. Ba6 {To avoid Rc8} (47. Rxg5 Ke7 $14) ({Don't do} 47. Rd7+ $6 Kc8 48. Bc6 (48. Rxd6 Rb7 $16) 48... Ra8 $18) 47... b5 $2 (47... Bd4 {is a better chance.} 48. Bb7 (48. Rxg5 Ke7 $11) 48... Bf2) 48. cxb5 {Strongly threatening Bb7. White is clearly winning.} Rb6 49. b4 axb4 (49... Be1 $142 50. bxa5 Bxa5) 50. a5 Rb8 51. Kc4 {Weighted Error Value: White=0.27 (precise) /Black=0.39} (51. Bb7 $142 b3 52. b6 Rxb7 53. Rxb7) 1-0

[Event "35th Cannes FIJ Open 2022"]
[Site "Cannes"]
[Date "2022.02.21"]
[Round "1.7"]
[White "Maurizzi, Marc Andria"]
[Black "Garcia Dorado, Alberto"]
[Result "1-0"]
[WhiteElo "2502"]
[BlackElo "2246"]
[Annotator "TA"]
[PlyCount "75"]
[EventDate "2022.02.21"]
[EventType "swiss"]
[EventCountry "FRA"]
[SourceTitle "playchess.com"]
[Source "ChessBase"]
[SourceQuality "1"]

{[%evp 25,75,43,52,41,46,44,106,110,100,103,95,105,127,124,139,131,133,70,77,72,115,22,75,78,92,96,94,95,494,199,406,393,381,381,335,403,390,398,396,400,393,347,306,293,433,442,443,444,438,414,829,818]} 1. e4 e6 2. d4 d5 3. e5 c5 4. c3 Nc6 5. Nf3 Qb6 6. Be2 Nh6 7. Bxh6 gxh6 8. Qd2 Bg7 9. Na3 cxd4 10. cxd4 O-O 11. Nc2 Bd7 12. O-O f6 13. exf6 Rxf6 14. b4 {C02: French: Advance Variation.} a6 15. a4 {[%cal Ba2a4,Ba4a5][%mdl 32]} Rxf3 16. a5 $16 {White is better.} Qa7 {White must now prevent ...Rb3.} 17. Bxf3 Nxd4 18. Ra3 {[#] Inhibits Nb3.} Nb5 $146 ({Predecessor:} 18... Rc8 19. Nxd4 Qxd4 20. Rd3 Qf6 21. Re1 Bc6 22. Rde3 Re8 23. Bh5 Re7 24. Rf3 Qh4 25. Rxe6 Rxe6 {1-0 (36) Adams,M (2732)-Levitt,J (2431) London/Crowthorne 2006}) 19. Re3 {[%cal Of3d5] And now Bxd5! would win.} d4 20. Re4 {Threatens to win with Bg4.} e5 {[#]} 21. Rfe1 (21. Ne3 $1 $16 {[%mdl 512]}) 21... Qb8 $1 $14 22. Rh4 Bf5 {[#]} ({Better is} 22... Qc7) 23. Be4 {White is more active.} (23. Na1 $1 $16) 23... Bxe4 (23... Qc8 $1 $11) 24. Rexe4 {Hoping for Reg4.} Qd6 25. Ne1 Nc3 26. Reg4 e4 $2 {[%mdl 8192] This move loses the game for Black.} (26... Kh8 $16 {is more resistant.}) 27. Rxh6 (27. Rg3 $142) 27... e3 $2 {[#]} (27... Qe5 28. Rh3 h5) 28. Qa2+ $3 {[%mdl 512]} Qd5 (28... Nxa2 29. Rxd6) 29. Qxd5+ Nxd5 30. Rd6 exf2+ 31. Kxf2 Rf8+ 32. Nf3 Nxb4 33. Rdxd4 Nc6 34. Rd5 Kh8 (34... Rf7 {is a better defense.} 35. Kg1 h6) 35. Rd7 $18 {[%csl LRb7,LRg7][%cal Bd5d7,Bd7b7,Bb7b6,Bb6b3][%mdl 32]} Bf6 36. Rxb7 Nxa5 37. Rb6 Nb3 (37... Bd8 $142) 38. Rxb3 {Weighted Error Value: White=0.25 (precise) /Black=0.51} 1-0

[Event "35th Cannes FIJ Open 2022"]
[Site "Cannes"]
[Date "2022.02.21"]
[Round "1.8"]
[White "Gueci, Tea"]
[Black "Nikolov, Momchil"]
[Result "0-1"]
[WhiteElo "2235"]
[BlackElo "2501"]
[Annotator "ChessBase"]
[PlyCount "92"]
[EventDate "2022.02.21"]
[EventType "swiss"]
[EventCountry "FRA"]
[SourceTitle "playchess.com"]
[Source "ChessBase"]
[SourceQuality "1"]
[TimeControl "40/5400+30:1800+30"]

1. e4 {[%emt 0:00:03]} c5 {[%emt 0:11:32]} 2. Nf3 {[%emt 0:00:07]} a6 {[%emt 0:01:02]} 3. c3 {[%emt 0:02:14]} d5 {[%emt 0:01:07]} 4. exd5 {[%emt 0:00:55]} Nf6 {[%emt 0:00:17]} 5. Be2 {[%emt 0:09:49]} Nxd5 {[%emt 0:02:23]} 6. O-O {[%emt 0:01:10]} Nc6 {[%emt 0:09:18]} 7. d4 {[%emt 0:03:35]} e6 {[%emt 0:03:14]} 8. c4 {[%emt 0:09:25]} Nf6 {[%emt 0:00:42]} 9. Be3 {[%emt 0:01:31]} cxd4 {[%emt 0:08:54]} 10. Nxd4 {[%emt 0:01:38]} Bd7 {[%emt 0:00:13]} 11. Nb3 {[%emt 0:10:03]} Qc7 {[%emt 0:05:26]} 12. Nc3 {[%emt 0:03:29]} Bd6 {[%emt 0:09:43]} 13. h3 {[%emt 0:02:12]} Ne7 {[%emt 0:01:25]} 14. Rc1 {[%emt 0:13:56]} Rd8 {[%emt 0:05:46]} 15. Qc2 {[%emt 0:03:50]} O-O {[%emt 0:04:47]} 16. Rfd1 {[%emt 0:02:50]} Nf5 {[%emt 0:00:36]} 17. Bg5 {[%emt 0:02:21]} h6 {[%emt 0:10:09]} 18. Bxf6 {[%emt 0:05:14]} gxf6 {[%emt 0:00:04]} 19. Bd3 {[%emt 0:03:48]} Nh4 {[%emt 0:04:21]} 20. Ne4 {[%emt 0:02:49]} Be7 {[%emt 0:01:06]} 21. Qd2 {[%emt 0:10:46]} Kg7 {[%emt 0:06:42]} 22. Ng3 {[%emt 0:00:51]} f5 {[%emt 0:01:31]} 23. c5 {[%emt 0:04:38]} Bc6 {[%emt 0:02:11]} 24. Qc3+ {[%emt 0:00:15]} Kh7 {[%emt 0:00:20]} 25. Bf1 {[%emt 0:00:53]} Rg8 {[%emt 0:01:11]} 26. Rxd8 {[%emt 0:00:20]} Bxd8 {[%emt 0:03:10]} 27. Nd4 {[%emt 0:01:02]} Bd5 {[%emt 0:01:07]} 28. Qd3 {[%emt 0:02:09]} Qe5 {[%emt 0:02:37]} 29. Rd1 {[%emt 0:00:25]} Bc7 {[%emt 0:00:26]} 30. Rd2 {[%emt 0:02:34]} Rg6 {[%emt 0:00:38]} 31. Re2 {[%emt 0:00:27]} Qg7 {[%emt 0:00:47]} 32. Re3 {[%emt 0:00:38]} Bf4 {[%emt 0:01:14]} 33. Nde2 {[%emt 0:00:25]} Bxe3 {[%emt 0:00:43]} 34. Qxe3 {[%emt 0:00:02]} Qxb2 {[%emt 0:01:27]} 35. Nf4 {[%emt 0:00:55]} Bxa2 {[%emt 0:00:58]} 36. Nxg6 {[%emt 0:00:32]} Nxg6 {[%emt 0:00:02]} 37. Qd3 {[%emt 0:00:31]} Bd5 {[%emt 0:01:06]} 38. Nh5 {[%emt 0:00:36]} Qe5 {[%emt 0:00:17]} 39. Ng3 {[%emt 0:00:25]} Bc6 {[%emt 0:00:17]} 40. Qc2 {[%emt 0:00:32]} f4 {[%emt 0:00:24]} 41. Ne2 {[%emt 0:02:01]} f3 {[%emt 0:03:45]} 42. gxf3 {[%emt 0:03:19]} Bxf3 {[%emt 0:00:22]} 43. Ng3 {[%emt 0:00:45]} Kg7 {[%emt 0:00:46]} 44. Qb3 {[%emt 0:06:56]} Bc6 {[%emt 0:01:43]} 45. Qb4 {[%emt 0:02:32]} Kg8 {[%emt 0:03:59]} 46. Qb6 {[%emt 0:02:09]} Qd5 {[%emt 0:01:10]} 0-1

[Event "35th Cannes FIJ Open 2022"]
[Site "Cannes"]
[Date "2022.02.22"]
[Round "2.1"]
[White "Girel, Joseph"]
[Black "Nihal Sarin"]
[Result "1/2-1/2"]
[WhiteElo "2394"]
[BlackElo "2656"]
[Annotator "TA"]
[PlyCount "49"]
[EventDate "2022.02.21"]
[EventType "swiss"]
[EventCountry "FRA"]
[SourceTitle "playchess.com"]
[Source "ChessBase"]
[SourceQuality "1"]

{[%evp 25,49,0,0,0,0,0,0,0,0,0,0,0,0,0,0,0,0,0,0,0,0,0,0,0,0,0]} 1. d4 d5 2. c4 e6 3. Nf3 Nf6 4. Nc3 Bb4 5. Bg5 dxc4 6. e4 c5 7. Bxc4 cxd4 8. Nxd4 Bxc3+ 9. bxc3 Qa5 10. Bxf6 Qxc3+ 11. Kf1 gxf6 12. Rc1 Qa5 13. Bb5+ {Nowadays more popular than 13.h4.} Ke7 {The position is equal.} 14. e5 {D39: Queen's Gambit Declined: Ragozin Defence with 5 Bg5 dxc4.} fxe5 15. Qh5 $1 Nd7 (15... exd4 $2 16. Qg5+ f6 17. Qc5+ Kf7 18. Be8+ $1 {[%mdl 512]} Kxe8 19. Qxa5 $18) 16. Qg5+ Kf8 $1 ({Don't do} 16... Kd6 17. Be2 a6 18. Nf3 $14) 17. Rxc8+ {[%mdl 64] Remove Defender} Rxc8 18. Bxd7 {Nxe6+ would kill now. The board is on fire.} Qd8 $1 (18... h6 {[#] is a self mate.} 19. Nxe6+ $1 {[%mdl 512]} fxe6 20. Qf6+ Kg8 21. Bxe6+ Kh7 22. Qf7#) 19. Nxe6+ fxe6 20. Qh6+ Ke7 21. Qxe6+ Kf8 {Strongly threatening ...Rc1+.} 22. Qh6+ {[#]} Kf7 $146 ({Predecessor:} 22... Ke7 23. Qg7+ Kd6 24. Bxc8 Qxc8 25. Qf6+ Qe6 26. Qxe6+ Kxe6 27. Ke2 Rc8 28. Rb1 Rc2+ 29. Ke3 b6 30. a4 Rc3+ 31. Ke2 Ra3 {½-½ (41) Istratescu,A (2604)-Pisu,R (2261) Miercurea Ciuc 2017}) 23. Qe6+ Kf8 {Hoping for ...Rc1+.} 24. Qf5+ Ke7 25. Qe6+ {An interesting draw.  Weighted Error Value: White=0.00 (flawless) /Black=0.00 (flawless)} 1/2-1/2